000 01236 am a2200361 i 4500
999 _c2085
_d2085
001 018436729
003 Uk
005 20230306100922.0
008 170717s2017 enkab j e 001 0 eng c
015 _aGBB7C7475
_2bnb
016 7 _a018436729
_2Uk
020 _a9781786173249
035 _a(UkOxU)020923496
035 _a(StEdALDL)1/3587381
040 _aUkOxU
_beng
_cUkOxU
_dUk
_dKH8
_erda
042 _aukscp
082 0 4 _a560.3 PAR
_223
245 0 0 _aEncyclopedia of dinosaurs and prehistoric life /
_cconsulted by Steve Parker.
264 1 _aBardfield End Green, Thaxted, Essex, UK :
_bMiles Kelly,
_c2017.
264 4 _c©2017
300 _a384 pages :
_bcolour illustrations, colour maps ;
_c23 cm
336 _atext
_2rdacontent
336 _astill image
_2rdacontent
337 _aunmediated
_2rdamedia
338 _avolume
_2rdacarrier
500 _a"Contributors Andrew Campbell, Dr Jim Flegg, Rupert Matthews, Steve Parker"--Title page verso.
500 _aIncludes index.
650 0 _aDinosaurs
_vEncyclopedias, Juvenile.
650 0 _aAnimals, Fossil
_vEncyclopedias, Juvenile.
650 0 _aPrehistoric peoples
_vEncyclopedias, Juvenile.
700 1 _aParker, Steve,
_d1952-
_econsultant.
942 _2ddc
_cNFIC